|
|
|
|
| LEADER |
00957nam a22002177a 4500 |
| 001 |
28886 |
| 003 |
BD-DhAAL |
| 005 |
20150211155836.0 |
| 008 |
150211s2010 bg a|||| |||| 00| 0 eng d |
| 020 |
|
|
|a 9845089038
|
| 040 |
|
|
|a BD-DhAAL
|c BD-DhAAL
|
| 082 |
|
|
|2 22
|a 550.315492
|
| 245 |
|
|
|a Bangladesh compendium of environment statistics /
|
| 260 |
|
|
|a Dhaka :
|b Bangladesh Bureau of Statistics, Statistics Division, Ministry of Planning, Govt. of the People's Republic of Bangladesh,
|c 2010
|
| 300 |
|
|
|a xx, 551 p. :
|b ill. ;
|c 28 cm.
|
| 541 |
|
|
|e 28886
|
| 650 |
|
|
|a Earth sciences
|v Statistics
|v Periodicals.
|x Bangladesh
|9 8283
|
| 710 |
|
|
|a Bangladesh Bureau of Statistics, Statistics Division, Ministry of Planning, Govt. of the People's Republic of Bangladesh
|9 8284
|
| 942 |
|
|
|2 ddc
|c BK
|
| 999 |
|
|
|c 33665
|d 33665
|
| 952 |
|
|
|0 0
|1 0
|2 ddc
|4 0
|6 550_315492000000000_BAN
|7 0
|9 52583
|a C3ER
|b C3ER
|c GEN
|d 2015-02-11
|e C3R
|l 0
|o 550.315492 BAN
|p 3010028886
|r 2015-02-11
|t 1
|w 2015-02-11
|y BK
|